000 00887 a2200193 4500
999 _c5424
_d5424
020 _a1575241420
050 0 0 _aLC 5225.R47 MER 2000
100 1 _aMerriam, Sharan B.
_eAuthor
245 1 2 _aA guide to research for educators and trainers of adults /
_cby Sharan B. Merriam and Edwin L. Simpson.
250 _a2nd ed., updated
264 _aMalabar, Florida:
_bKrieger Publishing Company,
_c2000
300 _axiv, 239 p. :
_bill.
500 _aIncludes bibliographical references and index.
504 _aIncludes bibliographical references and index.
650 0 _aAdult education
_xResearch
_xMethodology.
700 1 _aSimpson, Edwin L.
_eAuthor
942 _2lcc
_cBK
_e2nd ed.
_h5225.R47
_iMER
_kLC